000 01237nam a2200325 i 4500
003 DO-SdBNP
005 20251119100925.0
007 ta
008 190730s2018 dr 000 spa d
020 _a9789945582642 volumen
020 _a9789945443622 serie
040 _aDO-SdBNP
_bspa
_cBNPHU
_erda
041 _aspa
082 4 _axxx
_bxxx
_222
100 1 _aValdez Albizu, Héctor,
_d1947-
_eautor
_4aut.
_912322
245 1 0 _aUn camino hacia el desarrollo III /
_cHéctor Valdez Albizu ; edición, José Alcántara Almánzar, Elvis Francis Soto
264 4 _aSanto Domingo :
_bBanco Central de la República Dominicana,
_c©2018.
300 _a431 páginas ;
_c23 cm.
336 _atexto
_btxt
_2rdacontent
337 _asin mediación
_bn
_2rdamedia
338 _avolumen
_bnc
_2rdacarrier
490 1 _aColección del Banco Central de la República Dominicana;
_v248
490 1 _aSerie Ciencias Sociales
_v40
590 _aInventariado, 2023/BT
700 1 _aAlcántara Almánzar, José,
_eeditor
_4ed.
_987139
700 1 _aSoto, Elvis Francis,
_eeditor
_939156
_4ed.
830 0 _aColección del Banco Central de la República Dominicana;
_v248
_pSerie Ciencias Sociales
_n40
_988812
910 _aBtavárez
942 _2ddc
_cLBS1
999 _c48714
_d48714